[Event "Dutch Championship"]
[Site "Boxtel NED"]
[Date "2011.07.05"]
[Round "9"]
[White "Giri, Anish"]
[Black "Spoelman, Wouter"]
[Result "1-0"]
[WhiteElo "2687"]
[BlackElo "2564"]
[PlyCount "75"]
[EventDate "2011.??.??"]

1. d4 d5 2. c4 c6 3. Nc3 e6 4. e3 Nf6 5. Nf3 Nbd7 6. Qc2 Bd6 7. Bd3 O-O 8. O-O
dxc4 9. Bxc4 a6 10. Rd1 b5 11. Bd3 Qc7 12. Bd2 c5 13. Ne4 c4 14. Nxd6 Qxd6 15.
Be2 Bb7 16. b3 Rfc8 17. bxc4 Be4 18. Qc3 bxc4 19. Qa5 Rab8 20. Ne5 Bd5 21. Nxd7
Nxd7 22. f3 Rb5 23. Qc3 f5 24. Rdc1 Nb6 25. a4 Rb3 26. Qa5 Nd7 27. Bd1 Rb7 28.
Be1 e5 29. Bg3 Qe6 30. dxe5 Nc5 31. Rab1 Rxb1 32. Rxb1 Nb3 33. Qc3 Bc6 34. Rxb3
cxb3 35. Bxb3 Bd5 36. Bxd5 Rxc3 37. Bxe6+ Kf8 38. Bxf5 1-0

[Event "AAI International GM"]
[Site "New Delhi IND"]
[Date "2011.06.22"]
[Round "1"]
[White "Negi, Parimarjan"]
[Black "Caruana, Fabiano"]
[Result "0-1"]
[WhiteElo "2622"]
[BlackElo "2714"]
[PlyCount "98"]
[EventDate "2011.06.22"]

1. e4 e5 2. Nf3 Nc6 3. Bb5 a6 4. Ba4 Nf6 5. O-O Be7 6. Re1 b5 7. Bb3 O-O 8. a4
b4 9. d4 d6 10. dxe5 dxe5 11. Qxd8 Rxd8 12. Bg5 h6 13. Bxf6 gxf6 14. Bd5 Rd6
15. Nbd2 Be6 16. Nc4 Rxd5 17. exd5 Bxd5 18. Ne3 Be6 19. Nh4 Bc5 20. Nhf5 Kh7
21. c3 bxc3 22. bxc3 Rg8 23. Kh1 h5 24. Rad1 Kg6 25. Nh4+ Kh6 26. g3 Ne7 27.
Rd2 c6 28. Nhg2 Rb8 29. Red1 Rb3 30. Rd8 Rxc3 31. Ra8 Bb3 32. Ra1 Bd4 33. Re1
Bxa4 34. Rxa6 Bb3 35. Ra8 Be6 36. h4 Ng6 37. Rb1 f5 38. Nd1 Rc2 39. Kg1 Rd2 40.
Ra3 c5 41. Ne1 e4 42. Ng2 c4 43. Nde3 Ne5 44. Ra6 Nf3+ 45. Kf1 c3 46. Rc6 Kh7
47. Rc7 Bxe3 48. Nxe3 f4 49. gxf4 c2 0-1

[Event "AAI International GM"]
[Site "New Delhi IND"]
[Date "2011.06.23"]
[Round "2"]
[White "Caruana, Fabiano"]
[Black "Sasikiran, Krishnan"]
[Result "1-0"]
[WhiteElo "2714"]
[BlackElo "2676"]
[PlyCount "89"]
[EventDate "2011.06.22"]

1. e4 c6 2. d4 d5 3. e5 Bf5 4. Nf3 e6 5. Be2 Ne7 6. c3 h6 7. O-O Nd7 8. Nbd2
Ng6 9. Nb3 a5 10. a4 h5 11. h3 h4 12. Nh2 f6 13. Re1 fxe5 14. dxe5 Bc5 15. Nxc5
Nxc5 16. Nf3 Ne4 17. Bd3 O-O 18. Be3 Qe8 19. Qe2 Rd8 20. Rad1 Rd7 21. Bc2 Rdf7
22. Rf1 b6 23. Rd4 c5 24. Rdd1 c4 25. Bb1 Qxa4 26. Bxe4 dxe4 27. Ng5 Rd7 28.
Rd6 Rxd6 29. exd6 Qc6 30. Rd1 Rd8 31. Rd4 b5 32. Qd1 Rd7 33. Qa1 Rxd6 34. Qxa5
Rd5 35. Qa7 Qe8 36. Qb7 Ne7 37. g4 hxg3 38. fxg3 Bg6 39. Nxe6 Bf5 40. Rxd5 Bxe6
41. Re5 Nc6 42. Rxe4 Qd8 43. Bd4 Qg5 44. Qxg7+ Qxg7 45. Bxg7 1-0

[Event "AAI International GM"]
[Site "New Delhi IND"]
[Date "2011.06.24"]
[Round "3"]
[White "Hou Yifan"]
[Black "Caruana, Fabiano"]
[Result "0-1"]
[WhiteElo "2612"]
[BlackElo "2714"]
[PlyCount "74"]
[EventDate "2011.06.22"]

1. e4 e5 2. Nf3 Nc6 3. Bb5 a6 4. Ba4 Nf6 5. O-O b5 6. Bb3 Bc5 7. c3 d6 8. d4
Bb6 9. a4 Rb8 10. axb5 axb5 11. Na3 O-O 12. Nxb5 Bg4 13. Re1 Bxf3 14. gxf3 Nh5
15. Kh1 Qf6 16. Rg1 Nf4 17. Bxf4 Qxf4 18. Ba4 Ra8 19. Na3 Nd8 20. Nc4 Ne6 21.
d5 Ng5 22. Rg4 Qf6 23. Nxb6 cxb6 24. Rg3 Qf4 25. Rg4 Nh3 26. Kg2 Qh6 27. Bd7
Nf4+ 28. Kh1 Nd3 29. Kg2 Rxa1 30. Qxa1 Qd2 31. Qf1 h5 32. Rg3 Ra8 33. Bb5 Nf4+
34. Kh1 Qxb2 35. Rg1 Qxc3 36. Be2 Ra2 37. Bd1 Qd4 0-1

[Event "AAI International GM"]
[Site "New Delhi IND"]
[Date "2011.06.25"]
[Round "4"]
[White "So, Wesley"]
[Black "Caruana, Fabiano"]
[Result "1/2-1/2"]
[WhiteElo "2667"]
[BlackElo "2713"]
[PlyCount "61"]
[EventDate "2011.06.22"]

1. e4 e5 2. Nf3 Nc6 3. Bc4 Bc5 4. c3 Nf6 5. b4 Bb6 6. d3 d6 7. a4 a6 8. O-O O-O
9. Nbd2 Ne7 10. Bb3 Ng6 11. Nc4 Ba7 12. Be3 Be6 13. Bxa7 Rxa7 14. Ne3 Qd7 15.
a5 Raa8 16. Re1 Bxb3 17. Qxb3 Rfe8 18. c4 c6 19. Rad1 Qc7 20. Qc3 Rad8 21. c5
d5 22. Qc2 Ne7 23. Nf1 Nh5 24. Qb2 Ng6 25. g3 Nf6 26. Qc2 h6 27. Ne3 Ne7 28.
Qb2 Ng6 29. Qc2 Ne7 30. Qb2 Ng6 31. Qc2 1/2-1/2

[Event "AAI International GM"]
[Site "New Delhi IND"]
[Date "2011.06.26"]
[Round "5"]
[White "Caruana, Fabiano"]
[Black "Laznicka, Viktor"]
[Result "1/2-1/2"]
[WhiteElo "2714"]
[BlackElo "2681"]
[PlyCount "117"]
[EventDate "2011.06.22"]

1. e4 c6 2. d4 d5 3. e5 Bf5 4. Nf3 e6 5. Be2 c5 6. Be3 cxd4 7. Nxd4 Ne7 8. Nd2
Nbc6 9. N2f3 Be4 10. O-O Ng6 11. Nxc6 bxc6 12. Ng5 Be7 13. Nxe4 dxe4 14. Qd4
Qd5 15. Bh5 Nxe5 16. Rad1 O-O 17. Qc3 Qb5 18. a4 Qb8 19. Kh1 Bf6 20. Bd4 Rc8
21. Qe3 c5 22. Bc3 Qb7 23. Be2 Ng6 24. f3 Bxc3 25. bxc3 Rab8 26. fxe4 Qc7 27.
Bb5 Rd8 28. Rd3 Ne5 29. Qg3 Rbc8 30. Rdd1 Rxd1 31. Rxd1 Rd8 32. Rd3 f6 33. h3
Rd6 34. Rxd6 Qxd6 35. Qe3 a5 36. Qe2 g6 37. Qe1 Kg7 38. Qe2 h5 39. g3 Kh6 40.
Kg2 Kg7 41. Kf2 Qf8 42. Qe3 g5 43. Be2 Kg6 44. Kg2 Qd6 45. Kf2 h4 46. gxh4 gxh4
47. Kg2 Nf7 48. Qf2 Ng5 49. Qxh4 Qc6 50. Bb5 Qa8 51. Bd3 f5 52. Qg3 Kf6 53. Qf4
Kg6 54. Kg3 Nxe4+ 55. Bxe4 fxe4 56. c4 Qc6 57. Kg4 Qxa4 58. Qxe4+ Kf6 59. Qf4+
1/2-1/2

[Event "AAI International GM"]
[Site "New Delhi IND"]
[Date "2011.06.28"]
[Round "6"]
[White "Caruana, Fabiano"]
[Black "Negi, Parimarjan"]
[Result "1-0"]
[WhiteElo "2714"]
[BlackElo "2622"]
[PlyCount "195"]
[EventDate "2011.06.22"]

1. e4 c5 2. Nf3 d6 3. d4 cxd4 4. Nxd4 Nf6 5. Nc3 a6 6. Be3 e6 7. f3 b5 8. Qd2
Nbd7 9. g4 h6 10. O-O-O Ne5 11. Qf2 b4 12. Nce2 Nc4 13. Ng3 Qc7 14. Bxc4 Qxc4
15. Kb1 g6 16. h4 e5 17. Nb3 Be6 18. h5 g5 19. Nf5 Bxf5 20. gxf5 Rc8 21. Rd3
Be7 22. a3 d5 23. exd5 Nxd5 24. Rhd1 Nf6 25. axb4 Qxb4 26. Bd2 Qb8 27. Bc3 O-O
28. Qe3 Rfe8 29. Bxe5 Qb5 30. f4 Qc4 31. Qd2 Ne4 32. Qg2 Qc6 33. Rd5 Nf6 34.
fxg5 hxg5 35. Qxg5+ Kh7 36. Bxf6 Qxc2+ 37. Ka2 Rg8 38. Qxg8+ Rxg8 39. Bxe7 Rg3
40. Na5 Rg2 41. Ba3 Rf2 42. Nb3 Rf3 43. Nc5 Qc4+ 44. Kb1 Rf1 45. R5d4 Qe2 46.
Rxf1 Qxf1+ 47. Ka2 Qxf5 48. Rd6 Qf1 49. Nxa6 f5 50. Nb4 Qc4+ 51. b3 Qe2+ 52.
Bb2 Qxh5 53. Nd5 Qf3 54. Rd7+ Kg6 55. Ne7+ Kh6 56. Rd6+ Kh7 57. Rd8 Kh6 58.
Rd6+ Kh7 59. Rd4 Kh6 60. Nd5 Qe2 61. b4 Kg5 62. Kb3 Qf1 63. Nf4 Qa6 64. Bc1 Kf6
65. Bd2 Qf1 66. Rd5 Qb1+ 67. Kc4 Qa2+ 68. Kb5 Qa8 69. Bc3+ Kg5 70. Be5 Qa7 71.
Ne6+ Kg4 72. Rd4+ Kf3 73. Nc5 Ke3 74. Kc6 Qf7 75. Rd3+ Ke2 76. Rd5 Qe8+ 77. Kb6
Qf7 78. Rd6 Kf3 79. b5 Qe8 80. Re6 Qc8 81. Bc7 Qa8 82. Rd6 Ke2 83. Ne6 Qe4 84.
Nd4+ Kf2 85. Nc6 Qc2 86. Kb7 Qb3 87. b6 f4 88. Kc8 Qh3+ 89. Rd7 f3 90. b7 Kg2
91. b8=Q f2 92. Qb2 Kh1 93. Ne5 f1=Q 94. Kb8 Qh8+ 95. Rd8 Qhf6 96. Qb7+ Kg1 97.
Rg8+ Kh2 98. Ng4+ 1-0

[Event "AAI International GM"]
[Site "New Delhi IND"]
[Date "2011.06.29"]
[Round "7"]
[White "Sasikiran, Krishnan"]
[Black "Caruana, Fabiano"]
[Result "1/2-1/2"]
[WhiteElo "2676"]
[BlackElo "2714"]
[PlyCount "183"]
[EventDate "2011.06.22"]

1. d4 Nf6 2. c4 g6 3. Nf3 Bg7 4. g3 c6 5. Bg2 d5 6. b3 O-O 7. O-O dxc4 8. bxc4
c5 9. Bb2 cxd4 10. Nxd4 Qb6 11. Qb3 Ng4 12. e3 Nc6 13. Rd1 Na5 14. Qxb6 axb6
15. Ba3 Nc6 16. Bb2 Nge5 17. Nd2 Bd7 18. h3 Ra4 19. Nb5 Bf5 20. Nc3 Rb4 21. Ba3
Rxc4 22. Nd5 Rc2 23. Bxe7 Ra8 24. Ne4 Nd7 25. Bf6 Nxf6 26. Nexf6+ Bxf6 27.
Nxf6+ Kg7 28. Ne4 Raxa2 29. Rxa2 Rxa2 30. g4 Be6 31. Rb1 Ra6 32. Nd6 Kf8 33.
Bf1 Ra2 34. Bc4 Bxc4 35. Nxc4 Ra4 36. Nd6 Rb4 37. Rc1 Ke7 38. Nxb7 Kd7 39. Rd1+
Ke7 40. Nd6 Na7 41. Nxf7 Nc6 42. Nd6 b5 43. Nc8+ Ke8 44. Kg2 Rb2 45. Nd6+ Ke7
46. Ne4 Rc2 47. Rd5 b4 48. Rb5 Rc4 49. f3 Ke6 50. Kg3 Ne5 51. Rb6+ Nc6 52. g5
Kd7 53. Nf6+ Kd6 54. Rb7 Na5 55. Rb5 Nc6 56. Ne4+ Kc7 57. Nf6 Ne7 58. e4 Kc6
59. Rb8 Kc7 60. Rb5 Kc6 61. Re5 Nc8 62. Rd5 Ne7 63. Rd8 Rc5 64. Kf4 b3 65. Rd1
Kb5 66. Nd7 Rc3 67. Ne5 b2 68. Rb1 Rb3 69. h4 Nc8 70. h5 gxh5 71. Nd3 Rxd3 72.
Rxb2+ Kc6 73. Rh2 Ne7 74. Rxh5 Ng6+ 75. Kg4 Ne5+ 76. Kf5 Nxf3 77. Rxh7 Nxg5 78.
Kxg5 Kd6 79. Kf4 Ra3 80. Rh6+ Ke7 81. Kf5 Ra1 82. Rh7+ Ke8 83. Rb7 Ra5+ 84. e5
Ra6 85. Rg7 Rb6 86. Ra7 Rc6 87. Ke4 Rb6 88. Ra5 Ke7 89. Kd5 Rh6 90. Ra7+ Ke8
91. e6 Rh1 92. Kd6 1/2-1/2

[Event "AAI International GM"]
[Site "New Delhi IND"]
[Date "2011.06.30"]
[Round "8"]
[White "Caruana, Fabiano"]
[Black "Hou Yifan"]
[Result "1-0"]
[WhiteElo "2714"]
[BlackElo "2612"]
[PlyCount "91"]
[EventDate "2011.06.22"]

1. e4 c5 2. Nf3 d6 3. d4 cxd4 4. Nxd4 Nf6 5. Nc3 a6 6. Be3 e6 7. f3 b5 8. Qd2
b4 9. Nce2 e5 10. Nb3 Nc6 11. c4 Be6 12. Ng3 Qc7 13. Be2 Be7 14. O-O O-O 15.
Nc1 a5 16. b3 Nd7 17. Nd3 Nc5 18. Rab1 Rfb8 19. f4 Nxd3 20. Qxd3 exf4 21. Bxf4
Ne5 22. Qd2 Qc6 23. Nf5 Re8 24. Rbd1 Bxf5 25. exf5 Rad8 26. Qd5 Qa6 27. Qb5
Qxb5 28. cxb5 d5 29. Bxe5 Bc5+ 30. Bd4 Bxd4+ 31. Rxd4 Rxe2 32. Rc1 Kf8 33. b6
Rb8 34. Rc6 Rxa2 35. Rxd5 a4 36. bxa4 b3 37. Rb5 Re8 38. h4 Ree2 39. Kh2 Rxg2+
40. Kh3 Rh2+ 41. Kg3 Rhg2+ 42. Kf4 Rgf2+ 43. Ke5 g6 44. Kf6 Rac2 45. Rxc2 bxc2
46. b7 1-0

[Event "AAI International GM"]
[Site "New Delhi IND"]
[Date "2011.07.01"]
[Round "9"]
[White "Laznicka, Viktor"]
[Black "Caruana, Fabiano"]
[Result "1-0"]
[WhiteElo "2681"]
[BlackElo "2714"]
[PlyCount "79"]
[EventDate "2011.06.22"]

1. d4 Nf6 2. Nf3 g6 3. c4 Bg7 4. g3 c6 5. Bg2 d5 6. Qb3 O-O 7. O-O Qb6 8. Nc3
Rd8 9. Rd1 Bf5 10. Ne1 Be6 11. c5 Qc7 12. Nd3 Bf5 13. Bf4 Qc8 14. Ne5 Be6 15.
f3 Nfd7 16. Qa3 Nxe5 17. Bxe5 Bh6 18. e4 Na6 19. exd5 Bxd5 20. Nxd5 Rxd5 21. g4
Rd8 22. h3 Nc7 23. f4 Bg7 24. Qe3 Rd7 25. f5 Qf8 26. Qg3 Ne8 27. Rf1 g5 28. h4
h6 29. hxg5 hxg5 30. Qe3 Rad8 31. Rae1 Rxd4 32. f6 Bxf6 33. Rxf6 Rxg4 34. Rf2
Qh6 35. Qf3 Qh5 36. Bc3 Ng7 37. Rff1 Ne6 38. Rxe6 fxe6 39. Qe2 Kh7 40. Qxe6 1-0

[Event "AAI International GM"]
[Site "New Delhi IND"]
[Date "2011.07.02"]
[Round "10"]
[White "Caruana, Fabiano"]
[Black "So, Wesley"]
[Result "1/2-1/2"]
[WhiteElo "2714"]
[BlackElo "2667"]
[PlyCount "60"]
[EventDate "2011.06.22"]

1. d4 d5 2. c4 e6 3. Nf3 Nf6 4. g3 Be7 5. Bg2 O-O 6. O-O dxc4 7. Qc2 a6 8. Qxc4
b5 9. Qc2 Bb7 10. Bd2 Bd6 11. a4 Nbd7 12. Ba5 Qb8 13. b4 Be4 14. Qc1 Qb7 15.
Re1 Bd5 16. Nc3 Ne4 17. Nxd5 exd5 18. Ng5 Nxg5 19. Qxg5 c6 20. axb5 axb5 21.
Rac1 Nb6 22. e4 dxe4 23. Bxe4 Nc4 24. d5 c5 25. bxc5 Rxa5 26. cxd6 Qd7 27. Qf4
Nxd6 28. Rc6 Nxe4 29. Qxe4 b4 30. Qxb4 Rxd5 1/2-1/2

[Event "World Open"]
[Site "Philadelphia"]
[Date "2011.06.30"]
[Round "1"]
[White "Getz, Alec"]
[Black "Adams, Michael"]
[Result "0-1"]
[WhiteElo "2292"]
[BlackElo "2726"]
[PlyCount "76"]
[EventDate "2011.06.??"]
[EventRounds "9"]
[EventCountry "USA"]
[Source "MonRoi"]

1. d4 Nf6 2. c4 e6 3. Nf3 b6 4. g3 Ba6 5. Qc2 c5 6. d5 exd5 7. cxd5 Bb7 8. Bg2
Nxd5 9. O-O Be7 10. Rd1 Nc6 11. a3 Nc7 12. Nc3 O-O 13. e4 d6 14. b4 cxb4 15.
axb4 Nxb4 16. Qb1 a5 17. Be3 Ne6 18. Nd5 Bxd5 19. exd5 Nc5 20. h4 Re8 21. Ra3
Bf6 22. Ng5 g6 23. Bd4 Ra7 24. Rf3 Be5 25. Bh3 Kg7 26. Be3 Bf6 27. Kg2 Rxe3 28.
Rxe3 Bxg5 29. hxg5 Qxg5 30. Qb2+ Qf6 31. Qe2 h5 32. Qb5 Nc2 33. Re8 Nd4 34.
Qxb6 Qf3+ 35. Kh2 Qxf2+ 36. Bg2 Nf3+ 37. Kh3 Ne4 38. Qxf2 Nxf2# 0-1

[Event "World Open"]
[Site "Philadelphia"]
[Date "2011.06.30"]
[Round "1"]
[White "Kamsky, Gata"]
[Black "Korley, Kassa"]
[Result "1-0"]
[WhiteElo "2732"]
[BlackElo "2292"]
[PlyCount "73"]
[EventDate "2011.06.??"]
[EventRounds "9"]
[EventCountry "USA"]
[Source "MonRoi"]

1. e4 c6 2. d4 d5 3. e5 Bf5 4. Nd2 e6 5. Nb3 Nd7 6. Nf3 Ne7 7. Bd2 Nc8 8. Bd3
Bxd3 9. cxd3 Qb6 10. O-O a5 11. a4 Bb4 12. Bc3 Nb8 13. Re1 Ne7 14. Nh4 Na6 15.
Rb1 g5 16. Nf3 h6 17. Re2 Ng6 18. Ne1 Qc7 19. Nc2 b6 20. Bxb4 Nxb4 21. Nxb4
axb4 22. Ra1 O-O 23. Rc2 f6 24. Rac1 fxe5 25. Rxc6 Qf7 26. Qd2 Rxa4 27. Rxb6
Nf4 28. Nc5 Ra2 29. dxe5 Nxg2 30. Nxe6 Nh4 31. Qe3 Re8 32. Nd4 Qh5 33. Rxb4
Qg4+ 34. Qg3 Nf3+ 35. Nxf3 Qxb4 36. Nxg5 Kh8 37. Rc6 1-0

[Event "World Open"]
[Site "Philadelphia"]
[Date "2011.07.01"]
[Round "2"]
[White "Adams, Michael"]
[Black "Kekelidze, Mikheil"]
[Result "1-0"]
[WhiteElo "2726"]
[BlackElo "2463"]
[PlyCount "81"]
[EventDate "2011.06.??"]
[EventRounds "9"]
[EventCountry "USA"]
[Source "MonRoi"]

1. e4 c5 2. Nf3 e6 3. d4 cxd4 4. Nxd4 a6 5. Bd3 Qb6 6. c3 Nc6 7. O-O Nxd4 8.
cxd4 Qxd4 9. Be3 Qxb2 10. Nd2 d5 11. exd5 exd5 12. Re1 Be6 13. Rb1 Qa3 14. Bf5
Nf6 15. Rxb7 Be7 16. Bxe6 fxe6 17. Bd4 O-O 18. Rxe6 Qd3 19. Rexe7 Qxd4 20.
Rxg7+ Kh8 21. Qb1 Qh4 22. Nf3 Qh6 23. Ng5 Qxg7 24. Rxg7 Kxg7 25. Ne6+ Kf7 26.
Nxf8 Rxf8 27. Qb7+ Ke6 28. Qxa6+ Ke5 29. Qe2+ Kd6 30. Qb2 Nd7 31. h4 h5 32.
Qb4+ Kc6 33. a4 Rb8 34. Qc3+ Kd6 35. f3 Ne5 36. Qa3+ Kc6 37. Qc1+ Nc4 38. Qh6+
Nd6 39. Qxh5 Rb1+ 40. Kh2 d4 41. Qg6 1-0

[Event "World Open"]
[Site "Philadelphia"]
[Date "2011.07.01"]
[Round "2"]
[White "Yang, Darwin"]
[Black "Kamsky, Gata"]
[Result "0-1"]
[WhiteElo "2432"]
[BlackElo "2732"]
[PlyCount "126"]
[EventDate "2011.06.??"]
[EventRounds "9"]
[EventCountry "USA"]
[Source "MonRoi"]

1. d4 Nf6 2. c4 e6 3. Nc3 Bb4 4. e3 c5 5. Nge2 d6 6. a3 Ba5 7. Rb1 Nc6 8. g3 e5
9. d5 Ne7 10. b4 Bb6 11. Bg2 h5 12. O-O h4 13. b5 hxg3 14. hxg3 Nf5 15. e4 Nd4
16. Bg5 Bh3 17. Bxh3 Nf3+ 18. Kg2 Nxg5 19. Rh1 Ke7 20. Bf5 g6 21. Qd2 Ngh7 22.
Bh3 Ba5 23. Qe3 Kf8 24. Qh6+ Ke8 25. Qe3 Qe7 26. f3 Kd8 27. Na2 Kc7 28. Nac1
Raf8 29. Nb3 Bb6 30. a4 Kb8 31. a5 Bd8 32. a6 b6 33. Nd2 Nh5 34. Bg4 Ng7 35. f4
exf4 36. Nxf4 Re8 37. Rbe1 Nf6 38. Bf3 Rxh1 39. Kxh1 Nf5 40. Qf2 Nd4 41. Nd3
Qd7 42. Kg1 Nh7 43. e5 Ng5 44. Bg2 Qg4 45. e6 fxe6 46. Qf4 Nh3+ 47. Bxh3 Qxh3
48. dxe6 Rxe6 49. Rxe6 Qxe6 50. Qe4 Qxe4 51. Nxe4 d5 52. cxd5 Nxb5 53. Ne5 Bc7
54. Nxg6 Nd6 55. Nxd6 Bxd6 56. Kf2 b5 57. Nf4 b4 58. Ke2 b3 59. Kd2 c4 60. Ne2
Be5 61. g4 Kc7 62. g5 Kd6 63. g6 Kxd5 0-1

[Event "World Open"]
[Site "Philadelphia"]
[Date "2011.07.01"]
[Round "3"]
[White "Kamsky, Gata"]
[Black "Kacheishvili, Giorgi"]
[Result "1-0"]
[WhiteElo "2732"]
[BlackElo "2599"]
[PlyCount "65"]
[EventDate "2011.06.??"]
[EventRounds "9"]
[EventCountry "USA"]
[Source "MonRoi"]

1. e4 c6 2. d4 d5 3. e5 Bf5 4. Nf3 e6 5. Be2 Ne7 6. O-O c5 7. Na3 Nec6 8. c4
cxd4 9. Nb5 Be4 10. Bg5 Qd7 11. Nfxd4 h6 12. Bh4 Nxd4 13. Qxd4 Nc6 14. Qe3 a6
15. Nd6+ Bxd6 16. exd6 Qxd6 17. Rad1 Qe5 18. f3 Bc2 19. Qxe5 Nxe5 20. Rd2 Ba4
21. cxd5 Ng6 22. Bg3 Rd8 23. Rc1 exd5 24. b3 Bc6 25. Bxa6 Nf8 26. Bf1 Ne6 27.
a4 Ra8 28. b4 Rxa4 29. b5 Bd7 30. Rxd5 Ke7 31. Bd6+ Kd8 32. Rcd1 Kc8 33. Bg3
1-0

[Event "World Open"]
[Site "Philadelphia"]
[Date "2011.07.01"]
[Round "3"]
[White "Lenderman, Aleksander"]
[Black "Adams, Michael"]
[Result "0-1"]
[WhiteElo "2548"]
[BlackElo "2726"]
[PlyCount "72"]
[EventDate "2011.06.??"]
[EventRounds "9"]
[EventCountry "USA"]
[Source "MonRoi"]

1. d4 Nf6 2. c4 e6 3. Nc3 Bb4 4. Nf3 b6 5. Bg5 h6 6. Bh4 g5 7. Bg3 Ne4 8. Qc2
Bb7 9. e3 Bxc3+ 10. bxc3 d6 11. Bd3 f5 12. d5 Na6 13. Nd4 Nac5 14. O-O O-O 15.
f3 Nxg3 16. hxg3 Qf6 17. dxe6 Nxd3 18. Qxd3 c5 19. Nb5 Rad8 20. Nc7 Qe7 21. Nd5
Qxe6 22. Rab1 Rde8 23. Kf2 Qf7 24. Rfe1 Re5 25. e4 Bc8 26. exf5 Bxf5 27. Qf1
Bxb1 28. Rxe5 dxe5 29. Qxb1 Qh7 30. Qxh7+ Kxh7 31. Ke3 g4 32. Ke4 Kg6 33. Ne7+
Kf6 34. Nc6 Rg8 35. Nxa7 gxf3 36. Kxf3 Kf5 0-1

[Event "World Open"]
[Site "Philadelphia"]
[Date "2011.07.02"]
[Round "4"]
[White "Adams, Michael"]
[Black "Ehlvest, Jaan"]
[Result "1-0"]
[WhiteElo "2726"]
[BlackElo "2580"]
[PlyCount "65"]
[EventDate "2011.06.??"]
[EventRounds "9"]
[EventCountry "USA"]
[Source "MonRoi"]

1. e4 c5 2. Nf3 Nc6 3. Bb5 g6 4. Bxc6 bxc6 5. O-O Bg7 6. Re1 Nh6 7. c3 O-O 8.
d4 Qb6 9. Nbd2 cxd4 10. cxd4 d6 11. b3 f6 12. Bb2 Nf7 13. Rc1 Qa6 14. a3 Bd7
15. b4 Qb5 16. Nc4 a5 17. bxa5 Bg4 18. h3 Bxf3 19. Qxf3 d5 20. a4 Qb7 21. exd5
cxd5 22. Ba3 Ng5 23. Qe2 Rfe8 24. h4 Nf7 25. Rb1 Qa6 26. Nb6 Qxe2 27. Rxe2 Rxa5
28. Rxe7 Rxe7 29. Bxe7 Bf8 30. Bxf6 Nd6 31. Nd7 Bg7 32. Bxg7 Kxg7 33. Rb4 1-0

[Event "World Open"]
[Site "Philadelphia"]
[Date "2011.07.02"]
[Round "4"]
[White "Van Wely, Loek"]
[Black "Kamsky, Gata"]
[Result "1-0"]
[WhiteElo "2675"]
[BlackElo "2732"]
[PlyCount "63"]
[EventDate "2011.06.??"]
[EventRounds "9"]
[EventCountry "USA"]
[Source "MonRoi"]

1. d4 Nf6 2. c4 g6 3. Nf3 Bg7 4. g3 c6 5. Bg2 d5 6. cxd5 cxd5 7. Nc3 O-O 8. O-O
e6 9. Ne5 Nfd7 10. f4 Nb6 11. b3 f6 12. Nf3 Nc6 13. Ba3 Re8 14. Rc1 f5 15. e3
Bd7 16. Rf2 Bf8 17. Bc5 Rc8 18. Bf1 a6 19. a3 Na7 20. b4 Ra8 21. Ne5 Nbc8 22.
a4 Nc6 23. Rb2 Nxe5 24. dxe5 Bxc5 25. bxc5 Qc7 26. Qb3 Qxc5 27. Ne2 Qa5 28.
Qxb7 Ra7 29. Qb8 Qxa4 30. Rxc8 Rxc8 31. Qxa7 Bb5 32. Qb6 1-0

[Event "World Open"]
[Site "Philadelphia"]
[Date "2011.07.02"]
[Round "5"]
[White "Adams, Michael"]
[Black "Van Wely, Loek"]
[Result "1/2-1/2"]
[WhiteElo "2726"]
[BlackElo "2675"]
[PlyCount "40"]
[EventDate "2011.06.??"]
[EventRounds "9"]
[EventCountry "USA"]
[Source "MonRoi"]

1. e4 c5 2. c3 d5 3. exd5 Qxd5 4. d4 Nf6 5. Nf3 e6 6. Be2 Nc6 7. O-O cxd4 8.
cxd4 Be7 9. Nc3 Qd6 10. Nb5 Qd8 11. Bf4 Nd5 12. Bg3 O-O 13. Bc4 a6 14. Nc3 Nxc3
15. bxc3 b5 16. Bb3 Bb7 17. d5 exd5 18. Bxd5 Qb6 19. c4 Rad8 20. Qc1 Na5
1/2-1/2

[Event "World Open"]
[Site "Philadelphia"]
[Date "2011.07.02"]
[Round "5"]
[White "Kamsky, Gata"]
[Black "Yudasin, Leonid"]
[Result "1-0"]
[WhiteElo "2732"]
[BlackElo "2522"]
[PlyCount "85"]
[EventDate "2011.06.??"]
[EventRounds "9"]
[EventCountry "USA"]
[Source "MonRoi"]

1. d4 Nf6 2. Nf3 e6 3. g3 b5 4. Bg2 c5 5. c3 Bb7 6. O-O d5 7. a4 b4 8. a5 bxc3
9. Nxc3 Na6 10. Ne5 Nd7 11. Bf4 f6 12. Nc4 cxd4 13. Nb5 dxc4 14. Bxb7 e5 15.
Nxd4 Ndc5 16. Bc6+ Kf7 17. Nb5 Qxd1 18. Raxd1 Rb8 19. Be3 Nb4 20. Nxa7 Nxc6 21.
Nxc6 Rc8 22. Nd8+ Kg6 23. Rd5 Be7 24. Bxc5 Bxc5 25. Nb7 Bd4 26. Rb1 Rc7 27. a6
Ra8 28. Rd6 Bc5 29. Nxc5 Rxc5 30. Ra1 Rb5 31. Ra2 Ra7 32. Rc6 Rb4 33. Kf1 Kf7
34. Ke1 Ke7 35. Kd2 Kd7 36. Rc5 Kd6 37. Rca5 Rb3 38. Kc2 Kc6 39. R5a3 Rxa3 40.
Rxa3 h5 41. Kc3 Kb5 42. h4 Kc5 43. Ra5+ 1-0

[Event "World Open"]
[Site "Philadelphia"]
[Date "2011.07.03"]
[Round "6"]
[White "Kamsky, Gata"]
[Black "Adams, Michael"]
[Result "1/2-1/2"]
[WhiteElo "2732"]
[BlackElo "2726"]
[PlyCount "32"]
[EventDate "2011.06.??"]
[EventRounds "9"]
[EventCountry "USA"]
[Source "MonRoi"]

1. d4 Nf6 2. c4 e6 3. g3 d5 4. Bg2 Be7 5. Nf3 c6 6. Qc2 Nbd7 7. O-O O-O 8. Bf4
b6 9. b3 Ba6 10. Nc3 h6 11. Rfd1 Rc8 12. e4 dxc4 13. bxc4 Bxc4 14. Nd2 Ba6 15.
a4 Bb4 16. Na2 Be7 1/2-1/2

[Event "World Open"]
[Site "Philadelphia"]
[Date "2011.07.03"]
[Round "7"]
[White "Adams, Michael"]
[Black "Golod, Vitali"]
[Result "1-0"]
[WhiteElo "2726"]
[BlackElo "2592"]
[PlyCount "140"]
[EventDate "2011.06.??"]
[EventRounds "9"]
[EventCountry "USA"]
[Source "MonRoi"]

1. e4 e5 2. Nf3 Nc6 3. Bb5 a6 4. Ba4 Nf6 5. O-O Be7 6. Re1 b5 7. Bb3 d6 8. c3
O-O 9. h3 Nb8 10. d4 Nbd7 11. Nbd2 Bb7 12. Bc2 Re8 13. Nf1 Bf8 14. Ng3 g6 15.
a4 Bg7 16. Bd3 c6 17. Be3 Qc7 18. Qd2 Nf8 19. dxe5 dxe5 20. c4 Red8 21. Qc2 Ne6
22. Rad1 bxa4 23. c5 Bc8 24. Qxa4 a5 25. Bc4 Rxd1 26. Rxd1 Rb8 27. Qc2 h6 28.
b3 Ne8 29. Ne2 Kh7 30. Nc3 Bf8 31. Na4 f6 32. h4 N8g7 33. g3 Bd7 34. Rd3 Be8
35. h5 g5 36. g4 Kh8 37. Ne1 Qc8 38. Qd1 Nf4 39. Bxf4 exf4 40. Nb6 Qc7 41. Nd7
Bxd7 42. Rxd7 Qe5 43. Rd8 Rxd8 44. Qxd8 Qe7 45. Qxe7 Bxe7 46. Nd3 Ne8 47. Kf1
Kg7 48. Ke2 Bd8 49. Kd2 Kf8 50. f3 Bc7 51. Kc2 Be5 52. b4 axb4 53. Kb3 Bc3 54.
Nxb4 Bd4 55. Nd3 Ke7 56. Kb4 Kd7 57. Ka5 Nc7 58. Kb6 Ne8 59. Kb7 Nc7 60. Bb3
Be3 61. e5 Bd4 62. exf6 Bxf6 63. Ba4 Ne6 64. Bxc6+ Kd8 65. Bd5 Nd4 66. c6 Nb5
67. Kb6 Nc7 68. Bc4 Kc8 69. Kc5 Kd8 70. Kd6 Bc3 1-0

[Event "World Open"]
[Site "Philadelphia"]
[Date "2011.07.03"]
[Round "7"]
[White "Lenderman, Alex"]
[Black "Kamsky, Gata"]
[Result "0-1"]
[WhiteElo "2548"]
[BlackElo "2732"]
[PlyCount "148"]
[EventDate "2011.06.??"]
[EventRounds "9"]
[EventCountry "USA"]
[Source "MonRoi"]

1. Nf3 Nf6 2. c4 c6 3. d4 d5 4. Nc3 a6 5. c5 g6 6. Bf4 Bg7 7. e3 Nh5 8. Be5 O-O
9. Be2 Bg4 10. Bxg7 Nxg7 11. O-O Nd7 12. b4 Re8 13. e4 dxe4 14. Nxe4 Nf8 15.
Bc4 e6 16. h3 Bxf3 17. Qxf3 Re7 18. Qc3 Ne8 19. Rad1 Nd7 20. Rfe1 Ndf6 21.
Nxf6+ Nxf6 22. a4 Rd7 23. b5 axb5 24. axb5 Kg7 25. bxc6 bxc6 26. Be2 Nd5 27.
Qd2 Ne7 28. Qb2 Qb8 29. Qc3 Nd5 30. Qd2 Ra4 31. Bf3 Ne7 32. Qc3 Kg8 33. Rd2 Qf4
34. Red1 Qf6 35. Qb3 Raxd4 36. Rxd4 Rxd4 37. Rxd4 Qxd4 38. Qb8+ Kg7 39. Qd6 Nf5
40. Qxc6 Qa1+ 41. Kh2 Qe5+ 42. Kg1 Qe1+ 43. Kh2 Qe5+ 44. Kg1 Nd4 45. Qe4 Qxc5
46. Qe3 g5 47. g3 h6 48. Bh5 f5 49. Qd3 Kf6 50. Qd2 Qd6 51. Qb2 e5 52. Qb7 e4
53. Qf7+ Ke5 54. Qe8+ Kd5 55. Bf7+ Kc5 56. Kg2 Nc6 57. Qa8 Kb6 58. Be8 f4 59.
Bxc6 f3+ 60. Kh2 Qxc6 61. Qa1 Qc2 62. Qd4+ Kb5 63. Qd5+ Kb4 64. Kg1 Qb1+ 65.
Kh2 Qd3 66. Qe5 Kb3 67. g4 Qc4 68. Kg3 Kc2 69. Qd6 Qc3 70. Qe7 Qd4 71. Qe6 Kc1
72. Qc6+ Kd1 73. Qc7 Qd2 74. h4 e3 0-1